000 00807cab a22002175a 4500
001 L159963
008 150113e2016 xxk 000 0 eng d
035 _a(Sirsi) u159963
041 0 _aeng
050 _a690.22 $2 18
100 1 _aBlackman, Gary
245 0 0 _aMore risky business
_h[electronic resource]
260 _aLondon
_bRICS
_c2016
490 _aRICS Building Surveying Journal
_vDecember 2016 - January 2017, 19(1)
520 _aIn the second of a three-part series on site risks, Gary Blackman looks at the visit itself.
650 2 4 _aRISK ASSESSMENT
650 2 4 _aON-SITE INSPECTION
690 _aHealth and safety
_96244
856 4 0 _uhttps://www.rics.org/Global/Building_Surveying_Journal_December_2016_January_2017.pdf
_zView the article free of charge at www.rics.org...
942 _n0
999 _c85086
_d85086